| 000 | 01167nam a2200265Ia 4500 | ||
|---|---|---|---|
| 003 | OSt | ||
| 005 | 20220923211320.0 | ||
| 006 | a|||||r|||| 00| 0 | ||
| 007 | ta | ||
| 008 | 220922b |||||||| |||| 00| 0 urd d | ||
| 020 |
_a9788181438737 (hbk) _c150 |
||
| 024 | _a240,873 | ||
| 037 |
_b447, 18/02/2010, Vani Prakashan _cTextual |
||
| 040 |
_aARTS _cARTS _burd |
||
| 041 |
_2urd _aurd |
||
| 082 | _aO168,3N21x, 152Q0 | ||
| 100 |
_aमन्टो, सआदत हसन; ज़ौक़ी, मुशर्रफ आलम, संपा. _9160231 |
||
| 245 | 0 | _aटेटवाल का कुत्ता, सम्पा मुशर्रफ आलम ज़ौक़ी | |
| 246 | _aṬeṭavāl kā kuttā, sampā musharraf ālam ज़auक़ī | ||
| 260 |
_aनयी दिल्ली _b वाणी प्रकाशन _c2010 |
||
| 300 |
_a102पृ0 _ccm. |
||
| 490 | _aमन्टो अब तक; 5 | ||
| 942 |
_hO168,3N21x, 152Q0 _cTEXL _2CC |
||
| 999 |
_c298436 _d298436 |
||